| 000 | 01602nam a22004337a 4500 | ||
|---|---|---|---|
| 001 | 000096253 | ||
| 003 | CHAP | ||
| 005 | 20220329143148.0 | ||
| 008 | 060912d2006 mx r 00110 spa d | ||
| 010 | _a92719 | ||
| 011 | _a93691 | ||
| 035 | _a104271 | ||
| 040 | _cCHAP | ||
| 090 | _aTesis | ||
| 100 | 1 |
_aRivera Guerrero, Francisco. _997660 |
|
| 245 | 1 | 0 |
_aEstrategias de comercialización de limón persa a Japón / _c/por Francisco Rivera Guerrero. |
| 260 |
_aChapingo, Méx. : _bEl autor, _c2006. |
||
| 300 |
_a89 h. : _bgráfs.; cuadros. |
||
| 502 | _aTesis (Lic. en Comercio Internacional de Productos Agropecuarios) - - UACH. División de Ciencias Económico Administrativas | ||
| 590 |
_aALEPH _b10 _c20130110 _lUCH01 _h1513 |
||
| 590 |
_aBATCH-UPD _b10 _c20130110 _lUCH01 _h0748 |
||
| 590 |
_aBATCH-UPD _b10 _c20130410 _lUCH01 _h0428 |
||
| 590 |
_aBATCH-UPD _b10 _c20130914 _lUCH01 _h1725 |
||
| 590 |
_aBATCH-UPD _b10 _c20140324 _lUCH01 _h1458 |
||
| 590 |
_aBATCH-UPD _b10 _c20141002 _lUCH01 _h0831 |
||
| 590 |
_aCONVERSION _b10 _c20130109 _lUCH01 _h1351 |
||
| 590 |
_aE5765TAJ _b10 _c20130529 _lUCH01 _h1239 |
||
| 650 | 1 | 4 |
_aLimón persa _xMercadeo. _966870 |
| 650 | 1 | 4 |
_aLimón persa _xRendimiento. _966873 |
| 650 | 1 | 4 |
_aLimón _xExportación. _966829 |
| 650 | 1 | 4 |
_aMéxico _xComercio _zJapón. _976718 |
| 856 |
_3Finding aid _uhttp://10.13.5.2/tesis/104271.pdf _zTeclea aquí |
||
| 901 | _aBK | ||
| 905 | _aElisama A. H. | ||
| 942 | _cCD | ||
| 942 | _n0 | ||
| 949 |
_aTesis _bBC _cTES _d00000000104271 _eTS1 _h45668 _i104271 _sb |
||
| 949 |
_aTesis _bBC _cTES _d33724000989315 _eTS2 _fc.2 _h45669 _i104271 _sb |
||
| 999 |
_c92719 _d92719 |
||